<?xml version="1.0" encoding="UTF-8"?>
<collection xmlns:xsi="http://www.w3.org/2001/XMLSchema-instance" xsi:schemaLocation="http://www.loc.gov/MARC21/slim http://www.loc.gov/standards/marcxml/schema/MARC21slim.xsd" xmlns="http://www.loc.gov/MARC21/slim">
 <record>
  <leader>00000ctm a22000003a 4500</leader>
  <controlfield tag="001">UP-99796217612185823</controlfield>
  <controlfield tag="003">Buklod</controlfield>
  <controlfield tag="005">20160803113642.0</controlfield>
  <controlfield tag="006">a     r    |||| u|</controlfield>
  <controlfield tag="007">ta</controlfield>
  <controlfield tag="008">160803s2016    xx     d     r    |||| u|</controlfield>
  <datafield tag="035" ind1=" " ind2=" ">
   <subfield code="a">(iLib)UPD-00257508652</subfield>
  </datafield>
  <datafield tag="040" ind1=" " ind2=" ">
   <subfield code="a">DCHE</subfield>
   <subfield code="e">rda</subfield>
  </datafield>
  <datafield tag="041" ind1=" " ind2=" ">
   <subfield code="a">eng</subfield>
  </datafield>
  <datafield tag="090" ind1=" " ind2=" ">
   <subfield code="a">LG 993.5 2016 H65</subfield>
   <subfield code="b">R39</subfield>
  </datafield>
  <datafield tag="100" ind1="1" ind2=" ">
   <subfield code="a">Raymundo, Kristen T.</subfield>
   <subfield code="e">author.</subfield>
  </datafield>
  <datafield tag="245" ind1="1" ind2="0">
   <subfield code="a">Online impulse buying behavior of young working Filipinos</subfield>
   <subfield code="c">Kristen T. Raymundo ; Joanne R. Bantang, adviser.</subfield>
  </datafield>
  <datafield tag="264" ind1=" " ind2="1">
   <subfield code="a">Quezon City</subfield>
   <subfield code="b">College of Home Economics, University of the Philippines Diliman</subfield>
   <subfield code="c">2016.</subfield>
  </datafield>
  <datafield tag="300" ind1=" " ind2=" ">
   <subfield code="a">x, 62 leaves +</subfield>
   <subfield code="e">1 CDROM (4 3/4 in.)</subfield>
   <subfield code="c">28 cm</subfield>
  </datafield>
  <datafield tag="336" ind1=" " ind2=" ">
   <subfield code="a">text</subfield>
   <subfield code="2">rdacontent</subfield>
  </datafield>
  <datafield tag="337" ind1=" " ind2=" ">
   <subfield code="a">unmediated</subfield>
   <subfield code="2">rdamedia</subfield>
  </datafield>
  <datafield tag="338" ind1=" " ind2=" ">
   <subfield code="a">volume</subfield>
   <subfield code="2">rdacarrier</subfield>
  </datafield>
  <datafield tag="500" ind1=" " ind2=" ">
   <subfield code="a">Thesis Classification: F</subfield>
  </datafield>
  <datafield tag="502" ind1=" " ind2=" ">
   <subfield code="a">Thesis (B.S. Home Economics)--University of the Philippines Diliman</subfield>
   <subfield code="d">June 2016.</subfield>
  </datafield>
  <datafield tag="504" ind1=" " ind2=" ">
   <subfield code="a">Includes bibliographical references and appendices.</subfield>
  </datafield>
  <datafield tag="520" ind1="3" ind2=" ">
   <subfield code="a">The internet has achieved far more than just providing information and communication for users worldwide; it has created an online market, where internet users can become online consumers. Consumers, in general, have different reasons for purchasing products. The most common parameters for buying are factors such as convenience, variety, price and trust. For this study, the researcher focused on these factors, referred in this study as the online acceptability factors and the phenomenon called impulse buying in studying the consumer behavior of young working Filipinos. Specifically, this study describes the online impulse buying behavior of single young working Filipinos, in terms of gadgets used for purchase, the relationship of internet shopping and browsing hours, mode of payment, number of items purchased, classification of purchases according to types of impulse buying, and the online buying acceptability score. This study also describes the relationship of online impulse buying behavior to the following variables: age, income, and online buying acceptability. The results show that the online impulsive buyers can be described as people who spend time on the internet with an allotted time spent for online shopping which range from 30 minutes to 4 hours. They prefer to use cash as their mode of payment for online purchases. Most of them usually purchase three to five items per year, though there is also a number of consumers who have purchased six to eight items annually. These items are purchased mostly on pure impulse buying. Also, results showed that the respondents rated online shopping attributes, such as convenience and price, to be highly acceptable. And lastly, it was found out that impulsive buying behavior has a weak direct but significant correlation with price. For this study, it is highly recommended for home economics educators to teach their students the pros and cons of online shopping, as well as impulse buying, so that the students will be smart online shoppers. For entrepreneurs, the research could provide evidences for possible effectiveness of selling techniques through pricing in online advertisements(e.g. discounts, sales).</subfield>
  </datafield>
  <datafield tag="650" ind1=" " ind2="0">
   <subfield code="a">Consumer behavior</subfield>
   <subfield code="z">Philippines.</subfield>
  </datafield>
  <datafield tag="650" ind1=" " ind2="0">
   <subfield code="a">Impulse buying</subfield>
   <subfield code="z">Philippines.</subfield>
  </datafield>
  <datafield tag="700" ind1="1" ind2=" ">
   <subfield code="a">Bantang, Joanne R.</subfield>
   <subfield code="e">adviser.</subfield>
  </datafield>
  <datafield tag="905" ind1=" " ind2=" ">
   <subfield code="a">FI</subfield>
  </datafield>
  <datafield tag="905" ind1=" " ind2=" ">
   <subfield code="a">UP</subfield>
  </datafield>
  <datafield tag="852" ind1="0" ind2=" ">
   <subfield code="a">UPD</subfield>
   <subfield code="b">DCHE</subfield>
   <subfield code="h">LG 993.5 2016 H65</subfield>
   <subfield code="i">R39</subfield>
  </datafield>
  <datafield tag="942" ind1=" " ind2=" ">
   <subfield code="a">Thesis</subfield>
  </datafield>
 </record>
</collection>
